000 00954nam a2200229Ii 4500
003 JO-AjNU
008 230605s9999||||xx |||||||||||||| ||und||
017 _a2008/5/1553
020 _a978-9957-19-027-x
040 _aJO-AjNU
_bara
_erda
_cJO-AjNU
041 _aara
050 1 4 _aHQ1729 .M37 2008
100 3 _aعايش، حسني....وآخرون ؛ مراجعة وتقديم هند ابو الشعر,
_eauthor
_949596
245 0 0 _aالمرأة والدور: نظرة اردنية
250 _aط1
264 3 1 _aعمان، بيروت: مؤسسة عبدالحميد شومان، المؤسسة العربية للدراسات والنشر، 2008
300 _a311ص
_bيحتوي ببلوغرافية من ص 309-311ص
336 _atext
_btxt
_2rdacontent
337 _aunmediated
_bn
_2rdamedia
338 _avolume
_bnc
_2rdacarrier
650 4 _aالمرأة - أحوال اجتماعية - الأردن - مقالات ومحاضرات
_949597
999 _aA21793
_c25361
_d25361